000 00864nam0a2200301 4500
001 RU\NLR\bibl\37471
005 20250615024712.0
010 _a5-237-01578-6
_910000
021 _aRU
_b99-8358
_9400
035 _a(NLR Aleph) 000036513
090 _a187648
_c187648
100 _a19990708d1999 |||y0rusy50 ca
101 1 _arus
_deng
102 _aRU
105 _ay |||||||||
200 1 _aКлуб разбитых сердец
_eРоман
_fРут Уокер
_g[Пер. с англ. Н. Сафьянова]
210 _aМ.
_cАСТ
_d1999
215 _a478 с.
_d21
225 1 _aИнтрига
686 _aШ6(7США)67-440.4
700 1 _aУокер
_bР.
_gРут
_4070
801 0 _aRU
_bNLR
_c19990708
_gPSBO
801 1 _aRU
_bNLR
_c19990708
852 _aNLR
_j99-3/6979
942 _cBOOK
980 _aNB